Statistics for Name a City - African Countries

Click here to take the quiz!

General Stats

  • This quiz has been taken 651 times
  • The average score is 8 of 19

Answer Stats

CountryCities% Correct
EgyptAlexandria | Giza | Shubra el Kheimah | Port Said | Suez
95%
MoroccoFez | Tangier | Marrakesh | Sale | Meknes
90%
South AfricaDurban | Port Elizabeth | Soshanguve | Evaton | Pietermaritzburg
83%
NigeriaKano | Ibadan | Kaduna | Benin City | Port Harcourt
68%
KenyaMombasa | Nakuru | Ruiru | Eldoret | Kisumu
67%
AlgeriaOran | Constantine | Annaba | Blida | Batna
54%
TanzaniaMwanza | Zanzibar | Arusha | Mbeya | Morogoro
43%
D. R. CongoLubumbashi | Mbuji-Mayi | Kananga | Kisangani | Bukavu
41%
SudanKhartoum North | Nyala | Port Sudan | El Obeid | Kassala
36%
GhanaKumasi | Tamale | Takoradi | Sekondi | Ashaiman
30%
MalawiBlantyre | Mzuzu | Zomba | Karonga | Kasungu
27%
AngolaLubango | Huambo | Benguela | Cabinda | Malanje
26%
SomaliaHargeisa | Burco | Baydhabo | Jawhar | Borama
25%
ZimbabweBulawayo | Chitungwiza | Mutare | Epworth | Gweru
22%
Rep. of the CongoPointe-Noire | Dolisie | Nkayi | Impfondo | Ouesso
21%
MozambiqueMatola | Nampula | Beira | Chimoio | Tete
19%
Ivory CoastBouake | Daloa | Korhogo | San Pedro | Gagnoa
13%
SenegalTouba | Thies | Kaolack | Mbour | Rufisque
12%
ZambiaKitwe | Ndola | Kabwe | Chingola | Mufulira
12%

Score Distribution

Percentile by Number Answered

Percent of People with Each Score

Your Score History

You have not taken this quiz